R.P. Anotnio Vieyra de la Compañía de Jesús, sermones varios (Record no. 8472)
[ view plain ]
| 000 -CABECERA | |
|---|---|
| campo de control de longitud fija | 01033nam a2200253 a 4500 |
| 001 - NÚMERO DE CONTROL | |
| campo de control | BRCA_8821 |
| 005 - FECHA Y HORA DE LA ÚLTIMA TRANSACCIÓN | |
| campo de control | 20190320210426.0 |
| 008 - DATOS DE LONGITUD FIJA--INFORMACIÓN GENERAL | |
| campo de control de longitud fija | 260417s1712----sp-#######---#000-0#spa-# |
| 041 ## - CÓDIGO DE LENGUA | |
| Código de lengua del texto/banda sonora o título independiente | spa |
| 044 ## - CÓDIGO DEL PAÍS DE LA ENTIDAD EDITORA/PRODUCTORA | |
| Código MARC del país | sp |
| 084 ## - OTRO NÚMERO DE CLASIFICACIÓN | |
| Número de clasificación | BE202 |
| Número de documento/Ítem | .V54 1712 |
| 100 1# - ENTRADA PRINCIPAL--NOMBRE DE PERSONA | |
| Nombre de persona | Vieyra, Antonio |
| Fechas asociadas al nombre | 1608 - 1697 |
| 9 (RLIN) | 21983 |
| 245 10 - MENCIÓN DE TÍTULO | |
| Título | R.P. Anotnio Vieyra de la Compañía de Jesús, sermones varios |
| Mención de responsabilidad, etc. | traducidos en castellano de su original portugués; tomo quarto. |
| 260 ## - PUBLICACIÓN, DISTRIBUCIÓN, ETC. | |
| Lugar de publicación, distribución, etc. | Madrid |
| Nombre del editor, distribuidor, etc. | En la Imprenta de Agustín Fernández |
| Fecha de publicación, distribución, etc. | 1712 |
| 300 ## - DESCRIPCIÓN FÍSICA | |
| Extensión | [20], [54], 418 p. |
| Dimensiones | 15.7 x 10.5 cm. |
| 500 ## - NOTA GENERAL | |
| Nota general | Con privilegio |
| 500 ## - NOTA GENERAL | |
| Nota general | En portada: Hallaráse en casa de Francisco Pérez, Mercader de Libros, en la calle de Atocha, enfrente de la Aduana |
| 500 ## - NOTA GENERAL | |
| Nota general | Estado físico: presenta encuadernación restaurada en pergamino y con cintas |
| 650 14 - PUNTO DE ACCESO ADICIONAL DE MATERIA--TÉRMINO DE MATERIA | |
| Término de materia o nombre geográfico como elemento de entrada | Sermones portugueses |
| Subdivisión cronológica | Obras anteriores a 1800 |
| 9 (RLIN) | 21984 |
| 700 1# - PUNTO DE ACCESO ADICIONAL--NOMBRE DE PERSONA | |
| Nombre de persona | Fernández, Agustín |
| Término indicativo de función/relación | Impresor |
| 9 (RLIN) | 21985 |
| 700 1# - PUNTO DE ACCESO ADICIONAL--NOMBRE DE PERSONA | |
| Nombre de persona | Perez, Francisco |
| Término indicativo de función/relación | mercader de libros |
| 9 (RLIN) | 21986 |
| 902 ## - CATALOGADOR | |
| Iniciales | CFM |
| 942 ## - ELEMENTOS DE PUNTO DE ACCESO ADICIONAL (KOHA) | |
| Fuente del sistema de clasificación o colocación | Library of Congress Classification |
| Tipo de ítem Koha | Libros |
| Estado de retiro | Estado de pérdida | Estado dañado | No para préstamo | Localización permanente | Ubicación/localización actual | Fecha de adquisición | Total de préstamos | Signatura topográfica completa | Código de barras | Fecha visto por última vez | Precio válido a partir de | Tipo de ítem Koha |
|---|---|---|---|---|---|---|---|---|---|---|---|---|
| El ejemplar forma parte de la colección y puede ser consultado según las políticas vigentes. | Biblioteca del Museo Franz Mayer (Rogerio Casas-Alatriste) | Biblioteca del Museo Franz Mayer (Rogerio Casas-Alatriste) | 26/04/2017 | BE202 .V54 1712 | CFM00148 | 22/03/2019 | 22/03/2019 | Libros |